000 01273nam a2200229Ia 4500
001 8776
003 GE_BSU
008 181216s||||||||xx |||||||||||||| ||und||
040 _cGE_BSU
080 _a94(479.22)"17"+929.731(479.22)
100 _aიოსელიანი,პლატონ
245 _aცხოვრება მეფისა გიორგი მეცამეტისა:აღწერილი პლატონ ევგენის ძის იოსელიანისაგან.
245 _cრედ:აკ.გაწერელია; მხატვ:ჯ.ჭეიშვილი.
260 _aთბილისი.
260 _bსაბჭ.საქართველო.
260 _c1978.
300 _a267გვ;20სმ.
300 _cწიგნი აღწერილია გარეკანის მიხედვით.ბიბლიოგრ. ტექსტ. შენიშვნ.
653 _aსაქართველოს მეფეები
653 _aცხოვრება მეფისა გიორგი მეცამეტისა:აღწერილი პლატონ ევგენის ძის იოსელიანისაგან.
942 _cBK
999 _c42086
_d42086